000 00497nam a2200157 a 4500
005 20140414131859.0
008 100907s19uu xx 00 eng d
050 _aFIL 3312.120
_bF65 2007
100 _aFlores, Lin Acacio
245 _aThe man who believed in the poor.
260 _aMakati, Philippines :
_bBookmark,
_cc2007.
440 _aGreat men and women of Asia- children's series
650 _aBankers
_xBangladesh
_xBiography
_xJuvenile literature
650 _a
_x
_x
999 _c110571
_d110571